Logo CIB grande

SEGURIDAD DE LAS MAQUINAS COMPORTAMIENTO FISICO DEL SER HUMANO PARTE 5: EVALUCION DEL RIESGO POR MANIPULACION REPETITIVA DE ALTA FRECUENCIA (Registro nro. 234769)

Detalles MARC
000 -LEADER
campo de control de longitud fija 00696nam a2200229Ia 4500
005 - FECHA Y HORA DE LA ÚLTIMA TRANSACCIÓN
campo de control 20250425162714.0
008 - DATOS DE LONGITUD FIJA--INFORMACIÓN GENERAL
campo de control de longitud fija 250425s9999 xx 000 0 und d
041 ## - CÓDIGO DE IDIOMA
Código de lengua del texto/banda sonora o título independiente spa
043 ## - CÓDIGO DE ÁREA GEOGRÁFICA
Código de área geográfica sp
082 ## - NÚMERO DE LA CLASIFICACIÓN DECIMAL DEWEY
Número de clasificación 658.38
010 ## - NÚMERO DE CONTROL DE LA BIBLIOTECA DEL CONGRESO
Número de control de LC 98725
110 ## - ENTRADA PRINCIPAL--NOMBRE DE ENTIDAD CORPORATIVA
Nombre de entidad corporativa o nombre de jurisdicción como elemento de entrada AENOR: ASOCIACION ESPAÑOLA DE NORMALIZACION Y CERTIFICACION
245 #0 - MENCIÓN DEL TÍTULO
Título SEGURIDAD DE LAS MAQUINAS COMPORTAMIENTO FISICO DEL SER HUMANO PARTE 5: EVALUCION DEL RIESGO POR MANIPULACION REPETITIVA DE ALTA FRECUENCIA
250 ## - MENCION DE EDICION
Mención de edición 1 ED.
260 ## - PUBLICACIÓN, DISTRIBUCIÓN, ETC.
Lugar de publicación, distribución, etc. España
Nombre del editor, distribuidor, etc. AENOR
Fecha de publicación, distribución, etc. 2007
260 ## - PUBLICACIÓN, DISTRIBUCIÓN, ETC.
Lugar de publicación, distribución, etc. MADRID
300 ## - DESCRIPCIÓN FÍSICA
Extensión 75
500 ## - NOTA GENERAL
Nota general NORMA ESPAÑOLA
650 ## - PUNTO DE ACCESO ADICIONAL DE MATERIA--TÉRMINO DE MATERIA
Término de materia o nombre geográfico como elemento de entrada EVALUACION DE RIESGOS
650 ## - PUNTO DE ACCESO ADICIONAL DE MATERIA--TÉRMINO DE MATERIA
Término de materia o nombre geográfico como elemento de entrada SEGURIDAD Y SALUD OCUPACIONAL
942 ## - ELEMENTOS DE ENTRADA SECUNDARIOS (KOHA)
Tipo de ítem Koha Libros
Existencias
Estatus retirado Estado de pérdida Estado de daño No para préstamo Biblioteca de origen Biblioteca actual Fecha de adquisición Coste, precio normal de compra Total de préstamos Código de barras Copia número Nota pública
        FACULTAD DE INGENIERIA MECANICA Y CIENCIAS DE LA PRODUCCION FACULTAD DE INGENIERIA MECANICA Y CIENCIAS DE LA PRODUCCION 23/06/2016 61.00   50681 1 COORD. ING. INDUSTRIAL

Copyright 2025 ESPOL. Todos los derechos reservados.